000 00594nam a2200241Ia 4500
003 OSt
005 20220924120355.0
006 a|||||r|||| 00| 0
007 ta
008 220923b |||||||| |||| 00| 0 hin d
024 _a69652
037 _cTextual
040 _aARTS
_cARTS
_bhin
041 _2hin
_ahin
082 _aQv2.N, 152M5
100 _aMasih Y
245 0 _aTulanatmak dharma darshan
260 _aDelhi
_bMotilal
_c1985
300 _a347p.
_ccm.
650 _aRELIGION
942 _hQv2.N, 152M5
_cTEXL
_2CC
999 _c402519
_d402519